000 00447cam a22001217a 4500
008 180718b1966 xxu||||| |||| 00| 0 eng d
082 _aA81x54 In2/61/Vol 20/Pt 6-17
100 _aCensus of India 1961
245 _aHimachal Pradesh: a village survey of Rajana (Rainka tehsil, Sirmur district)
260 _aDelhi
_bThe Manager of Publications
_c1966
300 _a108+p.
440 _aCensus of India 1961. Volume XX, Himachal Pradesh. Part VI-No. 17
999 _c484160
_d484160